| 000 | 00673nam 22002053 4500 | ||
|---|---|---|---|
| 001 | 202810 | ||
| 090 | _a202810 | ||
| 100 | _a20240823d u||y0pory50 ba | ||
| 200 |
_aBalance y perspectiva _fKarl Jaspers _ediscursos y ensayos _gtradução del alemán por Fernando Vela |
||
| 210 |
_aMadrid _cRevista de Occidente _dcop.1953 |
||
| 215 |
_a274 p. _cbrochado _d23 cm |
||
| 225 |
_aBiblioteca conocimento del hombre _v1 |
||
| 606 |
_932 _aFilosofia |
||
| 675 |
_a1Jasper _vES _zspa |
||
| 675 |
_a165.74 _vES _zspa |
||
| 700 |
_98321 _aJaspers _bKarl _f1883-1969 |
||
| 702 |
_917668 _aVela _bFernando _f1888-1966 |
||
| 801 |
_aPT _bBMMN _gRPC |
||
| 830 |
_cAna Falardo _fAna Falardo |
||
| 990 | _cLIVROS | ||